Online Public Access Catalog -OPAC

Common beans research for crop improvement (Record no. 11585)

MARC details
000 -LEADER
fixed length control field 00481nam a2200133Ia 4500
008 - FIXED-LENGTH DATA ELEMENTS--GENERAL INFORMATION
fixed length control field 180412s9999||||xx |||||||||||||| ||und||
020 ## - INTERNATIONAL STANDARD BOOK NUMBER
International Standard Book Number 085198679X
040 ## - CATALOGING SOURCE
Original cataloging agency Ahmadu Bello University Library - Zaria
100 ## - MAIN ENTRY--PERSONAL NAME
Personal name Schoonhoven, A. Van
245 #0 - TITLE STATEMENT
Title Common beans research for crop improvement
Statement of responsibility, etc. edited by A. Van Schoonhoven and O. Voysest
260 ## - PUBLICATION, DISTRIBUTION, ETC.
Place of publication, distribution, etc. Wallingford
Name of publisher, distributor, etc. C.A.B. International
Date of publication, distribution, etc. 1991
300 ## - PHYSICAL DESCRIPTION
Extent xii, 980p.: graphs., tables
500 ## - GENERAL NOTE
General note Includes biblioraphical references
700 ## - ADDED ENTRY--PERSONAL NAME
Personal name Voysest, O.

No items available.

Customized by ICT Technical Service Unit on 29th Dec 2022

Kashim Ibrahim Library